Quick Pick: Slavic Languages Quiz Stats

 Plays Quiz Updated Aug 6, 2018

Challenge
Share
Tweet
Embed
Score 0/12 Timer 01:00
7 Plays Today
% Correct
Slovak
88.7%
Serbo-Croatian
82.9%
Czech
81.5%
Slovene
80%
Bulgarian
76.3%
Belarusian
72.5%
Russian
69.7%
Polish
68.8%
Ukrainian
68.2%
Sorbian
49%
Rusyn
40.6%
Kashubian
38%

Today's Daily Dose

You're not logged in!

Compare scores with friends on all Sporcle quizzes.
Join for Free
OR
Log In

You Might Also Like...

Show Comments

Extras

Top Quizzes Today


Score Distribution

Your Account Isn't Verified!

In order to create a playlist on Sporcle, you need to verify the email address you used during registration. Go to your Sporcle Settings to finish the process.

Report this User

Report this user for behavior that violates our Community Guidelines.

Details: